Tajuplný Saint-Exupéry

Podrobná bibliografia
Hlavný autor: Perrier, Jean-Claude, 1957- (Autor)
Ďalší autori: Komorovská, Vladimíra, 1961- (Prekladateľ, Autor úvodu atď.)
Médium: Kniha
Jazyk:slovenčina
francúzština
Fyzický popis:141 s. 18 cm
Vydavateľské údaje: Košice Dali 2013
ISBN:9788089596034
Vydanie:1. vyd.
Edícia:Preklady
Predmet:

MARC

LEADER 00000cam a22000005a 4500
001 vtls010517141
003 SK-MaSNL
005 20260302050313.0
008 240318s2013 xo g 010 0 slo
015 |a SNBA2013/06 
020 |a 9788089596034  |q (brož.) 
035 |a 01897E77-6EAF-4A1E-82F9-60CEC046C24F 
035 |a urn:nbn:sk:snk-amjnhh 
035 |a urn:nbn:sk:snk-am0021bv 
040 |a SNK  |b slo  |c SNK  |e AACR2 
041 1 |a slo  |h fre 
043 |a e-fr--- 
044 |a xo  |c SK 
072 7 |a 929  |x Biografie  |2 konspwekt 
072 7 |a 821.133.1.09  |x Francúzska literatúra, francúzsky písaná (o nej)  |2 konspekt 
080 |a 929  |2 2001 
080 |a 821.133.1-051  |2 2001 
080 |a 629.73-051  |2 2001 
080 |a (44)  |2 2001 
080 |a (092)  |2 2001 
100 1 |a Perrier, Jean-Claude,  |d 1957-  |4 aut  |9 704578 
240 1 4 |a Les mystères de Saint-Exupéry  |l Slovensky 
245 1 0 |a Tajuplný Saint-Exupéry  |c Jean-Claude Perrier ; z francúzšiny ... preložila, [predslov a edičnú poznámku o autorovi napísala] Vladimíra Komorovská 
250 |a 1. vyd. 
260 |a Košice  |b Dali  |c 2013 
300 |a 141 s.  |c 18 cm 
490 1 |a Preklady 
504 |a Bibliogr. s. 139. Pozn. 
600 1 7 |a Saint-Exupéry, Antoine de,  |d 1900-1944  |2 SNKMA  |9 86073 
650 0 7 |a francúzski spisovatelia  |2 SNKPH  |9 66466 
650 0 7 |a letci  |2 SNKPH  |9 30031 
650 0 7 |a French authors  |2 SNKPHeng  |9 304014 
650 0 7 |a Air pilots  |2 SNKPHeng  |9 313965 
651 7 |a Francúzsko  |2 SNKPH  |9 15907 
651 7 |a France  |2 SVKBBPHeng  |9 162309 
655 7 |a biografie  |2 SNKPH  |9 27965 
655 7 |a Biography  |2 SNKPHeng  |9 266314 
700 1 |a Komorovská, Vladimíra,  |d 1961-  |4 trl  |4 aui  |9 226198 
830 0 |a Preklady  |9 286583 
852 |a Štátna vedecká knižnica v Banskej Bystrici 
919 |a 978-80-89596-03-4 
958 |a OP 
958 |a NB 
958 |a LX 
968 |b FR 
999 |c 1096608  |d 1098538 
952 |a SNK  |b SNK  |y PREZ  |7 0  |p 17A1071921  |o snkSD 82150  |i snk2013/12835  |8 0  |0 0  |1 0  |4 0  |d 2013-06-06  |l 0  |r 2025-12-04 00:00:00  |w 2026-02-24 
952 |a SNK  |b SNK  |y VYP  |7 0  |p 17A1071920  |o snkSD 82150 D1  |i snk2013/12836  |8 0  |0 0  |1 0  |4 0  |d 2013-06-06  |f 1  |l 0  |r 2017-06-30 00:00:00  |w 2026-02-24